00287nam a2200121Ia 45000030006000000080041000060400015000471000015000622450026000772600033001035460012001360050017001480STCL150530s9999 xx 000 0 und d aSTCLcSTCL aHannay,N.B aSolid state Chemistry bPrentice hall of Indiac1967 aEnglish20220125170241.0